Fast typing A to Z - Statistics

General Stats
  • This quiz has been taken 63 times
  • The average score is 24 of 26
Answer Stats
Hint AnswerP % Correct
1 A
100%
4 D
97%
5 E
97%
9 I
97%
26 Z
97%
10 J
94%
17 Q
94%
19 S
94%
21 U
94%
2 B
91%
3 C
91%
6 F
91%
7 G
91%
8 H
91%
11 K
91%
12 L
91%
13 M
91%
14 N
91%
15 O
91%
16 P
91%
18 R
91%
20 T
91%
22 V
91%
23 W
91%
24 X
91%
25 Y
91%
No matching quizzes found
Score Distribution
Percent of People with Each Score
Percentile by Number Answered
Your Score History
You have not taken this quiz